000 00409pab a2200169 454500
008 180718b2012 xxu||||| |||| 00| 0 eng d
100 _aIsh Kumar
245 _aDrug control and human rights violations
260 _c2012
300 _ap.121-140.
362 _aApr-Jun
650 _aHuman rights violations
650 _aDrug control
773 _aIndian Police Journal
908 _aN
909 _a98005
999 _c98004
_d98004